Renovation of the heart : (Record no. 10616)

MARC details
000 -LEADER
fixed length control field 02006cam a22002894a 4500
001 - CONTROL NUMBER
control field 49011479
003 - CONTROL NUMBER IDENTIFIER
control field OCoLC
005 - DATE AND TIME OF LATEST TRANSACTION
control field 20250204113923.0
008 - FIXED-LENGTH DATA ELEMENTS--GENERAL INFORMATION
fixed length control field 020208s2002 cou b 000 0 eng
020 ## - INTERNATIONAL STANDARD BOOK NUMBER
International Standard Book Number 1576832961
020 ## - INTERNATIONAL STANDARD BOOK NUMBER
International Standard Book Number 9781576832967
035 ## - SYSTEM CONTROL NUMBER
System control number (OCoLC)49011479
040 ## - CATALOGING SOURCE
Original cataloging agency DLC
Language of cataloging eng
Transcribing agency DLC
Modifying agency CBC
-- BAKER
-- BTCTA
-- HNW
-- YDXCP
-- IG#
-- FHP
-- BDX
-- CFT
-- OCLCA
-- OCLCF
-- OCLCQ
-- ZID
-- ALSOM
-- QQ3
-- OCLCO
082 00 - DEWEY DECIMAL CLASSIFICATION NUMBER
Classification number 248.4
Edition information 21
Item number WIL 1
100 1# - MAIN ENTRY--PERSONAL NAME
Personal name Willard, Dallas,
Dates associated with a name 1935-2013
245 10 - TITLE STATEMENT
Title Renovation of the heart :
Remainder of title putting on the character of Christ /
Statement of responsibility, etc. Dallas Willard
260 ## - PUBLICATION, DISTRIBUTION, ETC.
Place of publication, distribution, etc. Colorado Springs, Colo. :
Name of publisher, distributor, etc. NavPress,
Date of publication, distribution, etc. ©2002
300 ## - PHYSICAL DESCRIPTION
Extent 269 pages ;
Dimensions 24 cm
336 ## - CONTENT TYPE
Content type term text
Content type code txt
Source rdacontent
337 ## - MEDIA TYPE
Media type term unmediated
Media type code n
Source rdamedia
338 ## - CARRIER TYPE
Carrier type term volume
Carrier type code nc
Source rdacarrier
504 ## - BIBLIOGRAPHY, ETC. NOTE
Bibliography, etc. note Includes bibliographical references
505 0# - FORMATTED CONTENTS NOTE
Formatted contents note Introducing spiritual formation : the "beyond within" and the way of Jesus -- The heart in the system of human life -- Radical evil in the ruined soul -- Radical goodness restored to the soul -- Spiritual change : the reliable pattern -- Transforming the mind, 1 : spiritual formation and the thought life -- Transforming the mind, 2 : spiritual formation and our feelings -- Transforming the will (heart or spirit) and character -- Transforming the body -- Transforming our social dimension -- Transforming the soul -- The children of light and the light of the world -- Spiritual formation in the local congregation
520 ## - SUMMARY, ETC.
Summary, etc. A bestselling author addresses a critical question for today: Why are so many Christians not growing closer to Christlikeness and still struggling with sinful strongholds? "Renovation of the Heart" establishes a foundational understanding of human nature and the process of bringing about change. It lays a foundation for understanding the ruin and restoration of humanity, by discussing human nature and its components, how they operate, and how they are renewed
650 #0 - SUBJECT ADDED ENTRY--TOPICAL TERM
Topical term or geographic name entry element Spiritual formation
942 ## - ADDED ENTRY ELEMENTS (KOHA)
Source of classification or shelving scheme Dewey Decimal Classification
Koha item type Books
Suppress in OPAC No
Holdings
Withdrawn status Lost status Source of classification or shelving scheme Damaged status Not for loan Home library Current Library Shelving location Date acquired Total checkouts Full call number Barcode Date last seen Copy number Price effective from Koha item type
    Dewey Decimal Classification     GRACE BIBLE COLLEGE GRACE BIBLE COLLEGE Ministry & Mission 2025-02-04   248.4 WIL 020995 2025-05-01 c.1 2025-02-04 Books
© Grace Bible College Library 2025